000 00755nam a2200241 i 4500
005 20260413161025.0
008 260413s2024 my gr 000 fdmay d
020 _a9786299972105
_cRM24.90
_qpaperback
040 _aPPAK
_beng
_cPPAK
_erda
082 0 4 _a899.2333
_223
090 0 0 _a899.2333
_bUJA
_dG
100 0 _aUja Hamza,
_eauthor.
245 1 0 _aAkhirnya Tersuka! /
_cUJA HAMZA ; Editor: Amal Hamsan
264 1 _aRawang, Selangor :
_bALIRAN ILMU RESOURCES,
_c[2024?]
300 _a208 pages ;
_c19 cm
336 _atext
_2rdacontent
337 _aunmediated
_2rdamedia
338 _avolume
_2rdacarrier
650 1 0 _aMalay fiction
650 2 4 _aMalaysian Fiction (Malay)
700 0 _aAmal Hamsan,
_eeditor.
942 _2ddc
_cB
999 _c203827
_d203827